000 00545nam a22001697a 4500
999 _c8403
_d8403
008 201118b ||||| |||| 00| 0 eng d
040 _aBMS College of Architecture
100 _aGowda, V Koushik
245 _aKalasthala (performing art and exhibition centre)
300 _aNA
500 _a1BM15AT113
502 _8B,Arch
_NBMS College of Architecture, Visvesvaraya Technological University (VTU)
_aProject report
_d2019
650 _aExhibition
700 _aDakshayini R Patil
_eGuide
700 _aAditya KiranT
_eGuide
942 _2ddc
_cTHE